00398nam a22000977a 4500040000700000082000800007110008600015245017300101260001900274300000700293 cHS a624 aនាយកដ្ឋានធារាសាស្ត្រកសិកម្ម aសាងសង់ស្ថានីយបូមទឹកធម្មយុទ្ធ ឃុំចំប៉ី ស្រុកបាទី ខេត្តតាកែវ aCambodiab2009 aNA